000 00896nam a2200265 a 4500
001 000019773
005 20260115095123.0
008 800402s1967 sp 001 p spa d
040 _aDO-SdBNP
_cDLC
_dDLC
_dBNPHU
082 _a861.1
_bB485mi, 1967
100 1 _aBerceo, Gonzalo de,
_d1197-1264
_93633
245 1 0 _aMilagros de nuestra señora /
_cGonzalo de Berceo ; prólogo de Daniel Devoto.
250 _a4a ed.
260 _aMadrid :
_bCastalia,
_c1967.
300 _a226 p. ;
_c20 cm.
490 1 _aOdres nuevos.
_aClásicos medievales en castellano actual
650 4 _aPoesía española
_9631
650 4 _aLiteratura española
_9632
650 0 _aMilagros
_93634
650 4 _aVirgen maría
_xApariciones y milagros
_93635
700 1 _aDevoto, Daniel,
_epról.
_942239
830 0 _aOdres nuevos.
_pClásicos medievales en castellano actual
_942240
910 _aWM
049 _aBNGR
999 _c19287
_d19287